Catálogo
 En Linea

Introduccion a la criminologia; : (Registro nro. 12649)

Detalles MARC
000 -CABECERA
campo de control de longitud fija 00979cam a22002651 4500
001 - NÚMERO DE CONTROL
campo de control 000013002
005 - FECHA Y HORA DE LA ÚLTIMA TRANSACCIÓN
campo de control 20200929163122.0
008 - DATOS DE LONGITUD FIJA--INFORMACIÓN GENERAL
campo de control de longitud fija 790117s1964 ve ab b 000 0 spa
010 ## - NÚMERO DE CONTROL DE LA BIBLIOTECA DEL CONGRESO
Número de control de LC 65087701
035 ## - NÚMERO DE CONTROL DEL SISTEMA
Número de control de sistema (OCoLC)4556670
040 ## - FUENTE DE LA CATALOGACIÓN
Centro catalogador/agencia de origen DO-SdBNP
Centro/agencia transcriptor NAlU
Centro/agencia modificador DLC
042 ## - CÓDIGO DE AUTENTICACIÓN
Código de autenticación premarc
050 00 - SIGNATURA TOPOGRÁFICA DE LA BIBLIOTECA DEL CONGRESO
Número de clasificación HV6025
Número de documento/Ítem .G65
100 2# - ENTRADA PRINCIPAL--NOMBRE DE PERSONA
Nombre de persona Gomez Grillo, Elio.
9 (RLIN) 29974
245 10 - MENCIÓN DE TÍTULO
Título Introduccion a la criminologia; :
Resto del título con especial referencia al medio venezolano.
260 ## - PUBLICACIÓN, DISTRIBUCIÓN, ETC.
Lugar de publicación, distribución, etc. Caracas, :
Nombre del editor, distribuidor, etc. Publicaciones de la Facultad de Derecho, Universidad Central de Venezuela,
Fecha de publicación, distribución, etc. 1964.
300 ## - DESCRIPCIÓN FÍSICA
Extensión 460 p. :
Otras características físicas illus., maps. ;
Dimensiones 24 cm.
490 1# - MENCIÓN DE SERIE
Mención de serie Coleccion Tesis de doctorado,
Designación de volumen o secuencia v. 5
502 ## - NOTA DE TESIS
Nota de tesis Tesis--Universidad Central de Venezuela.
504 ## - NOTA DE BIBLIOGRAFÍA, ETC.
Nota de bibliografía, etc. Bibliography: p. [427]-452.
650 #0 - PUNTO DE ACCESO ADICIONAL DE MATERIA--TÉRMINO DE MATERIA
Término de materia o nombre geográfico como elemento de entrada Criminology.
9 (RLIN) 29975
650 #0 - PUNTO DE ACCESO ADICIONAL DE MATERIA--TÉRMINO DE MATERIA
Término de materia o nombre geográfico como elemento de entrada Crime
Subdivisión geográfica Venezuela.
9 (RLIN) 29976
810 2# - PUNTO DE ACCESO ADICIONAL DE SERIE--NOMBRE DE ENTIDAD CORPORATIVA
Nombre de entidad corporativa o nombre de jurisdicción como elemento de entrada Universidad Central de Venezuela.
Unidad subordinada Facultad de Derecho.
Título de la obra Tesis de doctorado ;
Designación de volumen o secuencia v. 5
9 (RLIN) 29977
910 ## - DATOS DE OPCIÓN DEL USUARIO (OCLC)
Datos de opción del usuario Catalogación derivada
Existencias
Estado de retiro Estado de pérdida Restricciones de uso No para préstamo Código de colección Localización permanente Ubicación/localización actual Ubicación en estantería Fecha de adquisición Número de inventario Total de préstamos Signatura topográfica completa Código de barras Fecha visto por última vez Precio válido a partir de Tipo de ítem Koha
    Préstamo interno   Monografías: Libros y Folletos General General En catalogación 19.11.2009 LF1   13002-10 25.06.2020 25.06.2020 Préstamo interno

Con tecnología Koha